000 00751nam a22002177a 4500
003 UA-OsUOA
001 61988
007 ta
008 20070406b un ||||| |||| 00| 0 ukr d
090 _a330.8
_bМ11
942 _cBK
040 _aUA-OsUOA
_bukr
_cUA-OsUOA
_dUA-OsUOA
245 _aМ.І.Туган-Барановський та Г.С. Сковорода: науково-пізнавальна проща до місць життя видатних українців
_bМатеріали мобільного семінару Київ-Чорнухи-Лохвиця
300 _a60 с.
955 _a1
041 _aukr
080 _a330.8
260 _aК.
_c2007
650 7 _a330 Економіка взагалі
_2UDC
999 _c347967
_d347967